01518cam a22003255a 45000010009000000050017000090080041000260200018000670200015000850400078001000820025001781110085002032450177002882600037004653000035005024900073005375000042006105040051006526500062007036500057007656500043008226500053008656510010009186530026009287000034009547000031009889420008010199990017010279520148010441756791420160908104520.0121219t2013 gw a grb 101 0 eng d a9783642363177 a3642363172 aOHXbengcOHXdOCLCOdYDXCPdBTCTAdA6QdOCLCOdOCLCFdN5LdDLCdEG-ScBUE04222a658.4038011bBUS2 aEuropean Business Intelligence Summer Schooln(2nd :d2012 :cBrussels, Belgium)10aBusiness intelligence :bsecond European Summer School, eBISS 2012, Brussels, Belgium, July 15-21, 2012, tutorial lectures /c[editors] Marie-Aude Aufaure, Esteban Zimanyi. aHeidelberg :bSpringer,cc.2013. aviii, 233 p. :bill. ;c24 cm.0 aLecture notes in business information processing,x1865-1348 ;v138. aInternational conference proceedings. aIncludes bibliographical references and index. 0aManagement information systemsvCongresses.2BUEsh941072 0aBusinessxData processingvCongresses.2BUEsh941073 0aData miningvCongresses.2BUEsh941074 0aBusiness intelligencevCongresses.2BUEsh941075 2BUEsh bCOMSCIcSeptember20161 aAufaure, Marie-Aude,eeditor.1 aZimanyi, Esteban,eeditor. 2ddc c22336d22308 00102ddc40708BaccahaMAINbMAINc1STd2016-09-08ePurchaseg460.00h2000088l0o658.4038011 BUSp000033597r2025-07-15 00:00:00v575.00yBB